यात्रा के पन्ने (Record no. 296399)

MARC details
000 -LEADER
fixed length control field 00949nam a2200265Ia 4500
003 - CONTROL NUMBER IDENTIFIER
control field OSt
005 - DATE AND TIME OF LATEST TRANSACTION
control field 20220923211158.0
008 - FIXED-LENGTH DATA ELEMENTS--GENERAL INFORMATION
fixed length control field 220922b |||||||| |||| 00| 0 hin d
020 ## - INTERNATIONAL STANDARD BOOK NUMBER
International Standard Book Number 8188122165 (hbk)
037 ## - SOURCE OF ACQUISITION
Terms of availability Textual
040 ## - CATALOGING SOURCE
Original cataloging agency ARTS
Transcribing agency ARTS
Language of cataloging hin
041 ## - LANGUAGE CODE
Source of code hin
Language code of text/sound track or separate title hin
100 ## - MAIN ENTRY--PERSONAL NAME
Personal name सांकृत्यायन, राहुल
9 (RLIN) 159204
245 #0 - TITLE STATEMENT
Title यात्रा के पन्ने
246 ## - VARYING FORM OF TITLE
Title proper/short title Yātrā ke panne
260 ## - PUBLICATION, DISTRIBUTION, ETC.
Place of publication, distribution, etc. नई दिल्ली
Name of publisher, distributor, etc. भारतीय प्रकाशन
Date of publication, distribution, etc. 2013
300 ## - PHYSICAL DESCRIPTION
Extent 264पृ.
Dimensions cm.
650 ## - SUBJECT ADDED ENTRY--TOPICAL TERM
Topical term or geographic name entry element भारतीय-भूगोल
942 ## - ADDED ENTRY ELEMENTS (KOHA)
Classification part U8.498, 152P6
Koha item type Textual
Source of classification or shelving scheme Colon Classification (CC)
Holdings
Withdrawn status Lost status Damaged status Not for loan Home library Current library Date acquired Source of acquisition Cost, normal purchase price Total Checkouts Full call number Barcode Date last seen Cost, replacement price Price effective from Koha item type
        Arts Library Arts Library 2022-09-23 20310, 22/02/2014, Prashant Book Distributors 300.00   U8.498 152P6 AL1569561 2022-09-23 300.00 2022-09-23 Textual
Copyright @ Delhi University Library System